Statistics for Top 20 Countries by Relative WW2 Death Rate

Click here to take the quiz!

General Stats

  • This quiz has been taken 38 times
  • The average score is 17 of 20

Answer Stats

CountryDeath %Total Deaths% Correct
France1,4%600,000
100%
China2,9%15,000,000
97%
Japan3,5%2,500,000
97%
Soviet Union13,7%26,600,000
97%
Germany8,3%6,900,000
94%
Netherlands2,9%250,000
94%
Italy1,1%492,400
91%
Belgium1,1%88,000
89%
Poland16,9%5,900,000
89%
Romania3,1%500,000
86%
Yugoslavia6,6%1,027,000
86%
Greece7,0%507,000
80%
Czechoslovakia2,3%340,000
77%
Hungary5,1%464,000
77%
Finland2,6%96,800
71%
Estonia7,3%83,000
69%
Latvia12,5%250,000
69%
Lithuania14,4%370,000
66%
Albania2,8%30,000
63%
Luxembourg2,5%7,106
60%

Score Distribution

Percentile by Number Answered

Percent of People with Each Score

Your Score History

You have not taken this quiz